Statistics for Dido - songs by albums

Click here to take the quiz!

General Stats

  • This quiz has been taken 18 times
  • The average score is 16 of 46

Answer Stats

HintAnswer% Correct
Life for Rent (2003)White Flag
93%
No Angel (1999)Here with Me
80%
Life for Rent
80%
Thank You
80%
Hunter
67%
I'm No Angel
60%
Sand in My Shoes
53%
All You Want
47%
Don't Think of Me
47%
Girl Who Got Away
47%
Isobel
47%
Mary's in India
40%
My Lover's Gone
40%
Girl Who Got Away (2013)No Freedom
40%
Slide
40%
Take My Hand
40%
Safe Trip Home (2008)Don't Believe in Love
33%
Don't Leave Home
33%
End of Night
33%
Honestly OK
33%
My Life
33%
See the Sun
33%
Blackbird
27%
Grafton Street
27%
Let's Do the Things We Normally Do
27%
Quiet Times
27%
Stoned
27%
Burnin Love
20%
Closer
20%
Day Before We Went to War
20%
Do You Have a Little Time
20%
Happy New Year
20%
It Comes and It Goes
20%
Let Us Move On
20%
Look No Further
20%
Loveless Hearts
20%
Love to Blame
20%
Never Want to Say It's Love
20%
Northern Skies
20%
See You When You're 40
20%
Sitting On the Roof of the World
20%
The Day Before the Day
20%
This Land Is Mine
20%
Us 2 Little Gods
20%
Who Makes You Feel
20%
Go Dreaming
13%

Score Distribution

Percentile by Number Answered

Percent of People with Each Score

Your Score History

You have not taken this quiz